00483nam a2200145Ia 4500008004100000082001500041100001400056245003300070260003900103630001800142650004800160942000900208952010500217999001500322211109s9999||||xx |||||||||||||| ||und|| a571bBAY-P aBayliss,  0aPrinciples of Gm- Physiology bNATIONAL BOOKSTALLaKottayamc1900 xGeneral Stack aAnimal PhysiologyvBiology: BotanyxBiology cBOOK 00104070aSBCLbSBCLc2d2021-11-09l0o571 BAY-Pp00001920r2021-11-09 00:00:00w2021-11-09yBOOK c1760d1760